| 000 | 01300cab a22002655a 4500 | ||
|---|---|---|---|
| 001 | L141893 | ||
| 008 | 080109e20080104xxk f 000 0 eng d | ||
| 035 | _a(Sirsi) u141893 | ||
| 041 | 0 | _aeng | |
| 100 | 1 | _aMiller, Charles | |
| 245 | 0 | 0 |
_a2008 _bthe year ahead |
| 260 | _c2008 | ||
| 490 |
_aProperty Week _v73(1) 4 January 2008, 20-23(4) |
||
| 520 | _aAnalysis and opinion article considers the prospects for 2008. In retail, fourteen large shopping centres are due to open and the weakening market should provide greater opportunity for retailers in the US and Europe. Supermarkets should also profit, but furniture and DIY stores may be hit. Predicts slow growth in the office sector in regional cities, with London under pressure outside the West End. The green agenda will be all-important. Empty rates liability will have a devastating impact on the industrial market in April, with speculative development falling. Investors are only expected to be interested by real bargains. | ||
| 590 | _aKA | ||
| 650 | 2 | 4 | _aRATING (EMPTY PROPERTIES) ACT 2007 |
| 651 | 4 |
_aUnited Kingdom _y |
|
| 690 | _aPROPERTY-PROPERTY MARKET | ||
| 700 | 1 | _aTaylor, Mike | |
| 700 | 1 | _aBrooks, David | |
| 700 | 1 | _aRichards, Jeremy | |
| 700 | 1 | _aBarnes, Andrew | |
| 700 | 1 | _aPritchard, Neville | |
| 942 | _n0 | ||
| 999 |
_c79648 _d79648 |
||